Amtssprachen der Europäischen Union - Statistiken

Allgemein
  • Dieses Quiz wurde 27.513 mal gespielt
  • Das Durchschnittsergebnis liegt bei 17 aus 24
Antwortstatistiken
Amtssprache in: Sprache % Korrekt
Belgien, Deutschland, Luxemburg, Österreich Deutsch
100%
Belgien, Frankreich, Luxemburg Französisch (français)
96%
Spanien Spanisch (español)
96%
Irland, Malta Englisch (english)
95%
Italien Italienisch (italiano)
91%
Finnland, Schweden Schwedisch (svenska)
89%
Polen Polnisch (polski)
86%
Dänemark Dänisch (dansk)
80%
Finnland Finnisch (suomi)
79%
Griechenland, Zypern Griechisch (ελληνικά)
78%
Kroatien Kroatisch (hrvatski)
78%
Belgien, Niederlande Niederländisch (nederlands)
78%
Portugal Portugiesisch (português)
74%
Tschechien Tschechisch (čeština)
74%
Ungarn Ungarisch (magyar)
69%
Rumänien Rumänisch (română)
67%
Slowenien Slowenisch (slovenščina)
66%
Bulgarien Bulgarisch (български)
64%
Lettland Lettisch (latviešu valoda)
61%
Slowakei Slowakisch (slovenčina)
61%
Litauen Litauisch (lietuvių kalba)
52%
Irland Irisch (gaeilge)
40%
Estland Estnisch (eesti keel)
38%
Malta Maltesisch (malti)
24%
Keine übereinstimmenden Quizze gefunden
Verteilung der Resultate
Anzahl Personen mit jedem Resultat
Perzentil nach korrekt beantworteten Fragen
Ihre Resultats-Entwicklung
Sie haben dieses Quiz noch nicht gespielt